Представление документа в формате MARC21

Поле Инд. ПП Название Значение
Тип записи a
Библиографический уровень m
001 Контрольный номер fb27728cb4bc4692a983f44c8f0bec62
005 Дата корректировки 20171103113623.9
008 Кодируемые данные 160706|||||||||ru |||||||||||||||||rus||
041 0_ a Код языка текста rus
084 a Индекс другой классификации/Индекс ББК 63.3(2)+63.3(2)-7
090 a Полочн. индекс 63.3(2)
x Авторский знак М 20
245 10 a Заглавие Малые города - герои России
c Ответственность [послесл. В. Горошникова]
260 a Место издания Москва
c Дата издания 2015
300 a Объем 194 с.
b Иллюстрации/ тип воспроизводства ил.
500 a Примечание Спец. вып. журн. "Фома"
650 04 a Основная рубрика Города России-История
651 _4 a Географическое наименование Россия
653 0_ a Ключевые слова Города России; История городов
901 t Тип документа m